[Event "World Chess Olympiad 2018"]
[Site "Batumi"]
[Date "2018.09.28"]
[Round "5"]
[Board "4"]
[WhiteFideId "11700947"]
[White "Kanz Ahmad Safy"]
[BlackFideId "11300353"]
[Black "Gumpo Thabo"]
[Result "0-1"]
[LiveChessVersion "1.4.8"]
[BlackElo "2059"]
[WhiteElo "1826"]

1. e4 {[%clk 1:30:55]} e5 {[%clk 1:30:42]} 2. Nf3 {[%clk 1:31:17]} d6
{[%clk 1:31:06]} 3. d4 {[%clk 1:30:25]} exd4 {[%clk 1:31:27]} 4. Qxd4
{[%clk 1:30:44]} Nc6 {[%clk 1:27:29]} 5. Bb5 {[%clk 1:31:01]} Bd7
{[%clk 1:27:14]} 6. Bxc6 {[%clk 1:31:16]} Bxc6 {[%clk 1:24:35]} 7. Nc3
{[%clk 1:31:33]} Qf6 {[%clk 1:06:09]} 8. Qd3 {[%clk 1:25:43]} h6 {[%clk 1:04:25]}
9. Be3 {[%clk 1:20:20]} Ne7 {[%clk 1:02:46]} 10. O-O-O {[%clk 1:12:18]} a6
{[%clk 0:53:45]} 11. h4 {[%clk 1:08:27]} Ng6 {[%clk 0:51:21]} 12. Nd4
{[%clk 1:01:46]} Ne5 {[%clk 0:49:13]} 13. Qe2 {[%clk 0:59:38]} Bd7
{[%clk 0:47:20]} 14. f4 {[%clk 0:58:38]} Ng4 {[%clk 0:45:00]} 15. Nd5
{[%clk 0:57:36]} Qd8 {[%clk 0:44:50]} 16. Nf5 {[%clk 0:52:56]} Nxe3
{[%clk 0:36:42]} 17. Qxe3 {[%clk 0:52:51]} Be6 {[%clk 0:32:10]} 18. Qc3
{[%clk 0:49:17]} Bxd5 {[%clk 0:27:23]} 19. Rxd5 {[%clk 0:46:02]} Qd7
{[%clk 0:20:02]} 20. Rhd1 {[%clk 0:41:39]} Rg8 {[%clk 0:15:45]} 21. g4
{[%clk 0:40:10]} Qc6 {[%clk 0:12:25]} 22. Qd3 {[%clk 0:32:38]} O-O-O
{[%clk 0:10:45]} 23. Nd4 {[%clk 0:23:45]} Qa4 {[%clk 0:10:27]} 24. Nb3
{[%clk 0:23:34]} Re8 {[%clk 0:09:44]} 25. Rd4 {[%clk 0:22:07]} Qd7
{[%clk 0:09:43]} 26. Qf3 {[%clk 0:18:54]} Qe7 {[%clk 0:09:31]} 27. Na5
{[%clk 0:16:43]} Qd7 {[%clk 0:06:51]} 28. e5 {[%clk 0:15:59]} Qb5
{[%clk 0:06:35]} 29. Rd5 {[%clk 0:15:54]} Qb6 {[%clk 0:06:39]} 30. Nc4
{[%clk 0:14:00]} Qc6 {[%clk 0:06:27]} 31. Na5 {[%clk 0:12:15]} Qb6
{[%clk 0:06:45]} 32. exd6 {[%clk 0:11:30]} Bxd6 {[%clk 0:06:53]} 33. Nc4
{[%clk 0:11:29]} Qc6 {[%clk 0:06:25]} 34. Nxd6+ {[%clk 0:11:46]} cxd6
{[%clk 0:06:46]} 35. Qd3 {[%clk 0:11:37]} Rd8 {[%clk 0:06:38]} 36. Qf5+
{[%clk 0:10:32]} Qd7 {[%clk 0:06:28]} 37. Rxd6 {[%clk 0:10:16]} Qxf5
{[%clk 0:06:37]} 38. Rxd8+ {[%clk 0:10:18]} Rxd8 {[%clk 0:06:50]} 39. Rxd8+
{[%clk 0:10:03]} Kxd8 {[%clk 0:07:15]} 40. gxf5 {[%clk 0:40:24]} Ke7
{[%clk 0:37:38]} 41. Kd2 {[%clk 0:40:21]} Kf6 {[%clk 0:35:39]} 42. Ke3
{[%clk 0:40:38]} Kxf5 {[%clk 0:35:44]} 43. Kf3 {[%clk 0:39:35]} h5
{[%clk 0:32:05]} 44. a4 {[%clk 0:38:09]} f6 {[%clk 0:32:11]} 45. a5
{[%clk 0:37:48]} g5 {[%clk 0:32:06]} 46. fxg5 {[%clk 0:34:34]} fxg5
{[%clk 0:32:27]} 47. hxg5 {[%clk 0:33:21]} Kxg5 {[%clk 0:32:55]} 48. c4
{[%clk 0:32:37]} Kf5 {[%clk 0:32:37]} 49. b4 {[%clk 0:28:49]} Ke5
{[%clk 0:32:53]} 50. Ke3 {[%clk 0:28:31]} h4 {[%clk 0:32:09]} 51. b5
{[%clk 0:26:19]} Kd6 {[%clk 0:30:45]} 52. Kf4 {[%clk 0:21:30]} Kc5
{[%clk 0:31:02]} 53. Kg4 {[%clk 0:21:57]} axb5 {[%clk 0:30:26]} 54. cxb5
{[%clk 0:22:15]} Kxb5 {[%clk 0:30:50]} 0-1

[Event "World Chess Olympiad 2018"]
[Site "Batumi"]
[Date "2018.09.28"]
[Round "5"]
[Board "1"]
[WhiteFideId "15800059"]
[White "Banlock Benjamin Didier"]
[BlackFideId "10100792"]
[Black "Miguel Sergio"]
[Result "0-1"]
[LiveChessVersion "1.4.8"]
[BlackElo "2285"]
[WhiteElo "2058"]

1. d4 {[%clk 1:30:44]} Nf6 {[%clk 1:30:52]} 2. Nf3 {[%clk 1:31:04]} d6
{[%clk 1:30:51]} 3. Bg5 {[%clk 1:31:05]} Nbd7 {[%clk 1:30:59]} 4. Nbd2
{[%clk 1:29:22]} h6 {[%clk 1:30:58]} 5. Bf4 {[%clk 1:28:44]} Nh5 {[%clk 1:28:01]}
6. Be3 {[%clk 1:27:45]} g5 {[%clk 1:25:08]} 7. g3 {[%clk 1:26:51]} Bg7
{[%clk 1:23:20]} 8. Bg2 {[%clk 1:26:48]} a5 {[%clk 1:21:15]} 9. c4
{[%clk 1:19:03]} O-O {[%clk 1:19:54]} 10. Qc2 {[%clk 1:15:17]} e5
{[%clk 1:16:33]} 11. dxe5 {[%clk 1:10:10]} dxe5 {[%clk 1:16:43]} 12. Rd1
{[%clk 1:10:20]} Qe7 {[%clk 1:15:45]} 13. Nb1 {[%clk 1:09:20]} f5
{[%clk 1:11:30]} 14. O-O {[%clk 1:04:55]} e4 {[%clk 1:09:43]} 15. Ne1
{[%clk 1:01:12]} Ne5 {[%clk 1:02:40]} 16. Bc1 {[%clk 1:00:37]} Be6
{[%clk 1:02:05]} 17. b3 {[%clk 1:00:59]} a4 {[%clk 1:02:16]} 18. Ba3
{[%clk 1:01:03]} axb3 {[%clk 1:01:58]} 19. Qxb3 {[%clk 1:01:01]} c5
{[%clk 1:02:13]} 20. Rc1 {[%clk 1:00:28]} Ra5 {[%clk 0:59:27]} 21. Bb2
{[%clk 1:00:31]} b5 {[%clk 0:59:02]} 22. Bxe5 {[%clk 0:58:14]} Bxe5
{[%clk 0:59:23]} 23. Na3 {[%clk 0:56:53]} Rb8 {[%clk 0:59:22]} 24. Rb1
{[%clk 0:55:42]} b4 {[%clk 0:58:01]} 25. Nac2 {[%clk 0:54:59]} Rba8
{[%clk 0:56:46]} 26. a3 {[%clk 0:53:39]} bxa3 {[%clk 0:53:55]} 27. Qa2
{[%clk 0:54:03]} Qf7 {[%clk 0:52:59]} 28. Ne3 {[%clk 0:53:11]} Nf6
{[%clk 0:53:20]} 29. Rb6 {[%clk 0:53:09]} Ra4 {[%clk 0:52:43]} 30. N1c2
{[%clk 0:50:09]} Bxc4 {[%clk 0:52:16]} 31. Nxc4 {[%clk 0:50:09]} Qxc4
{[%clk 0:52:38]} 32. Rb3 {[%clk 0:43:52]} Nd5 {[%clk 0:52:31]} 33. Ne3
{[%clk 0:39:53]} Nxe3 {[%clk 0:50:09]} 34. fxe3 {[%clk 0:40:15]} Rb4
{[%clk 0:50:02]} 35. Rfb1 {[%clk 0:40:16]} Rab8 {[%clk 0:47:53]} 36. Rxb4
{[%clk 0:37:18]} Qxa2 {[%clk 0:45:01]} 37. Rxb8+ {[%clk 0:08:56]} Bxb8
{[%clk 0:43:39]} 38. Rxb8+ {[%clk 0:07:46]} Kf7 {[%clk 0:43:36]} 39. g4
{[%clk 0:07:57]} Qb2 {[%clk 0:43:26]} 40. Rc8 {[%clk 0:36:10]} a2
{[%clk 1:13:34]} 41. Rxc5 {[%clk 0:36:04]} a1=Q+ {[%clk 1:13:31]} 42. Kf2
{[%clk 0:36:06]} Qbb1 {[%clk 1:13:50]} 43. Rxf5+ {[%clk 0:36:22]} Kg6
{[%clk 1:13:41]} 0-1

[Event "World Chess Olympiad 2018"]
[Site "Batumi"]
[Date "2018.09.28"]
[Round "5"]
[Board "2"]
[WhiteFideId "10100091"]
[White "Soares Erikson Roberto Mauricio"]
[BlackFideId "16400291"]
[Black "Ebosse Kingue Victor Patrick"]
[Result "1-0"]
[LiveChessVersion "1.4.8"]
[BlackElo "2060"]
[WhiteElo "2283"]

1. Nf3 {[%clk 1:30:59]} Nf6 {[%clk 1:30:47]} 2. g3 {[%clk 1:31:25]} c5
{[%clk 1:30:42]} 3. Bg2 {[%clk 1:31:49]} g6 {[%clk 1:31:07]} 4. d4
{[%clk 1:32:12]} cxd4 {[%clk 1:31:35]} 5. Nxd4 {[%clk 1:32:36]} Bg7
{[%clk 1:32:03]} 6. c4 {[%clk 1:32:57]} Nc6 {[%clk 1:31:52]} 7. Nc3
{[%clk 1:32:59]} O-O {[%clk 1:31:43]} 8. O-O {[%clk 1:33:17]} Nxd4
{[%clk 1:30:11]} 9. Qxd4 {[%clk 1:33:39]} d6 {[%clk 1:30:34]} 10. Rd1
{[%clk 1:29:41]} Ng4 {[%clk 1:25:01]} 11. Qd2 {[%clk 1:30:01]} Be6
{[%clk 1:20:43]} 12. h3 {[%clk 1:28:30]} Ne5 {[%clk 1:20:47]} 13. b3
{[%clk 1:26:51]} h5 {[%clk 1:11:50]} 14. f4 {[%clk 1:18:58]} Nc6 {[%clk 1:09:59]}
15. Bb2 {[%clk 1:18:45]} Qc8 {[%clk 0:55:29]} 16. Kh2 {[%clk 1:09:34]} h4
{[%clk 0:55:25]} 17. gxh4 {[%clk 1:03:53]} Kh7 {[%clk 0:22:56]} 18. Ne4
{[%clk 0:56:53]} f6 {[%clk 0:20:58]} 19. Ng3 {[%clk 0:46:39]} Bh6
{[%clk 0:20:00]} 20. e3 {[%clk 0:46:06]} Rg8 {[%clk 0:09:50]} 21. Rg1
{[%clk 0:42:51]} Qd7 {[%clk 0:09:26]} 22. Rad1 {[%clk 0:41:25]} Rad8
{[%clk 0:09:28]} 23. a3 {[%clk 0:39:34]} Nb8 {[%clk 0:06:52]} 24. Qc2
{[%clk 0:34:55]} Na6 {[%clk 0:05:22]} 25. h5 {[%clk 0:33:53]} f5 {[%clk 0:05:25]}
26. Bd5 {[%clk 0:30:54]} Rdf8 {[%clk 0:04:52]} 27. b4 {[%clk 0:23:37]} g5
{[%clk 0:03:56]} 28. e4 {[%clk 0:22:03]} gxf4 {[%clk 0:02:37]} 29. Nxf5
{[%clk 0:22:08]} Rg5 {[%clk 0:01:59]} 30. Nxh6 {[%clk 0:18:52]} Kxh6
{[%clk 0:02:06]} 31. Rxg5 {[%clk 0:19:12]} Kxg5 {[%clk 0:02:23]} 32. Rg1+
{[%clk 0:18:50]} Kxh5 {[%clk 0:02:30]} 33. Qg2 {[%clk 0:19:01]} Bg4
{[%clk 0:00:31]} 34. Qxg4+ {[%clk 0:17:40]} Qxg4 {[%clk 0:00:59]} 35. hxg4+
{[%clk 0:17:42]} Kg5 {[%clk 0:00:47]} 36. Bxb7 {[%clk 0:16:51]} Nc7
{[%clk 0:01:13]} 37. Kg2 {[%clk 0:16:52]} e5 {[%clk 0:01:32]} 38. Rd1
{[%clk 0:14:09]} Kxg4 {[%clk 0:00:48]} 39. Rxd6 {[%clk 0:44:15]} Rg8
{[%clk 0:30:35]} 40. Bxe5 {[%clk 0:44:17]} Ne8 {[%clk 0:31:01]} 41. Rd8
{[%clk 0:43:46]} a5 {[%clk 0:30:23]} 42. Bc6 {[%clk 0:39:27]} 1-0

[Event "World Chess Olympiad 2018"]
[Site "Batumi"]
[Date "2018.09.28"]
[Round "5"]
[Board "1"]
[WhiteFideId "22000046"]
[White "Al Mashikhi Salim Aliyan"]
[BlackFideId "19700261"]
[Black "Drayton Anthony"]
[Result "0-1"]
[LiveChessVersion "1.4.8"]
[BlackElo "2024"]
[WhiteElo "2095"]

1. c4 {[%clk 1:30:56]} e5 {[%clk 1:30:37]} 2. Nc3 {[%clk 1:31:08]} Nc6
{[%clk 1:30:41]} 3. Nf3 {[%clk 1:31:19]} Nf6 {[%clk 1:27:07]} 4. g3
{[%clk 1:31:22]} Bb4 {[%clk 1:26:55]} 5. Bg2 {[%clk 1:31:32]} d6 {[%clk 1:25:06]}
6. O-O {[%clk 1:31:53]} Be6 {[%clk 1:24:40]} 7. Qa4 {[%clk 1:25:22]} O-O
{[%clk 1:23:24]} 8. Ng5 {[%clk 1:24:44]} Bg4 {[%clk 1:15:12]} 9. Bxc6
{[%clk 1:19:37]} Bxc3 {[%clk 1:15:02]} 10. Bxb7 {[%clk 1:19:26]} Rb8
{[%clk 1:15:09]} 11. Bf3 {[%clk 1:12:27]} Bxb2 {[%clk 1:14:40]} 12. Bxb2
{[%clk 1:10:26]} Rxb2 {[%clk 1:14:55]} 13. Bxg4 {[%clk 1:05:41]} Nxg4
{[%clk 1:15:08]} 14. Ne4 {[%clk 1:05:51]} f5 {[%clk 1:09:30]} 15. Qa3
{[%clk 1:05:36]} Rb7 {[%clk 1:07:56]} 16. Qd3 {[%clk 1:01:02]} Kh8
{[%clk 1:07:48]} 17. Nc3 {[%clk 1:00:53]} c6 {[%clk 1:01:57]} 18. f3
{[%clk 1:00:46]} Nh6 {[%clk 1:01:16]} 19. Rab1 {[%clk 1:00:58]} Rd7
{[%clk 1:00:41]} 20. e3 {[%clk 0:56:09]} d5 {[%clk 0:57:35]} 21. cxd5
{[%clk 0:56:14]} cxd5 {[%clk 0:57:41]} 22. Rb5 {[%clk 0:54:29]} d4
{[%clk 0:57:38]} 23. Nb1 {[%clk 0:53:40]} dxe3 {[%clk 0:52:57]} 24. Qxe3
{[%clk 0:54:00]} f4 {[%clk 0:52:41]} 25. Qxe5 {[%clk 0:53:35]} fxg3
{[%clk 0:52:54]} 26. hxg3 {[%clk 0:52:30]} Re7 {[%clk 0:53:02]} 27. Qd5
{[%clk 0:38:56]} Qc7 {[%clk 0:50:50]} 28. f4 {[%clk 0:34:13]} Nf5
{[%clk 0:46:15]} 29. Qd3 {[%clk 0:32:54]} Nh6 {[%clk 0:39:26]} 30. Nc3
{[%clk 0:32:47]} a6 {[%clk 0:39:28]} 31. Rd5 {[%clk 0:31:23]} Qb6+
{[%clk 0:39:18]} 32. Qd4 {[%clk 0:31:44]} Qe6 {[%clk 0:33:30]} 33. Kg2
{[%clk 0:29:59]} Nf5 {[%clk 0:32:57]} 34. Qc5 {[%clk 0:27:38]} Ree8
{[%clk 0:28:50]} 35. Rf3 {[%clk 0:24:03]} Rc8 {[%clk 0:26:32]} 36. Re5
{[%clk 0:22:19]} Qg6 {[%clk 0:26:32]} 37. Rxf5 {[%clk 0:21:39]} Qxf5
{[%clk 0:26:50]} 38. Qxf5 {[%clk 0:22:07]} Rxf5 {[%clk 0:27:09]} 39. Rd3
{[%clk 0:21:46]} h6 {[%clk 0:26:42]} 40. Kf3 {[%clk 0:51:38]} Ra5
{[%clk 0:56:51]} 41. Rd4 {[%clk 0:51:08]} Kh7 {[%clk 0:56:27]} 42. a4
{[%clk 0:51:36]} Rac5 {[%clk 0:55:18]} 43. Rd6 {[%clk 0:46:45]} a5
{[%clk 0:52:44]} 44. Ra6 {[%clk 0:45:41]} Rd8 {[%clk 0:52:22]} 45. Ke3
{[%clk 0:44:03]} h5 {[%clk 0:47:32]} 46. Ne4 {[%clk 0:40:57]} Rcd5
{[%clk 0:46:55]} 47. Ra7 {[%clk 0:38:38]} Kg6 {[%clk 0:45:51]} 48. Nf2
{[%clk 0:32:50]} Rxd2 {[%clk 0:43:48]} 49. Rxa5 {[%clk 0:32:58]} Ra2
{[%clk 0:43:22]} 50. Ra6+ {[%clk 0:31:19]} Kh7 {[%clk 0:43:35]} 51. f5
{[%clk 0:30:10]} Re8+ {[%clk 0:40:21]} 52. Ne4 {[%clk 0:29:13]} Ra1
{[%clk 0:40:36]} 53. Kd3 {[%clk 0:27:36]} Rd1+ {[%clk 0:40:54]} 54. Kc2
{[%clk 0:27:34]} Rd5 {[%clk 0:39:49]} 55. Nd6 {[%clk 0:22:33]} Rd8
{[%clk 0:40:04]} 56. Nb7 {[%clk 0:18:12]} Rc8+ {[%clk 0:40:15]} 57. Kb3
{[%clk 0:17:57]} Rxf5 {[%clk 0:39:56]} 58. Ra5 {[%clk 0:17:30]} Rf3+
{[%clk 0:39:21]} 59. Kb4 {[%clk 0:17:22]} Kh6 {[%clk 0:38:09]} 60. Nd6
{[%clk 0:17:13]} Rcf8 {[%clk 0:37:12]} 61. Rb5 {[%clk 0:16:57]} R8f6
{[%clk 0:36:27]} 62. Ne4 {[%clk 0:17:18]} Rg6 {[%clk 0:36:28]} 63. Re5
{[%clk 0:16:34]} Re3 {[%clk 0:36:15]} 64. a5 {[%clk 0:14:36]} Rg4
{[%clk 0:36:29]} 65. Re6+ {[%clk 0:13:11]} g6 {[%clk 0:36:37]} 66. Kc5
{[%clk 0:12:02]} Rgxe4 {[%clk 0:36:44]} 67. Rf6 {[%clk 0:10:19]} Re5+
{[%clk 0:37:01]} 68. Kd4 {[%clk 0:10:48]} R3e4+ {[%clk 0:37:04]} 69. Kd3
{[%clk 0:10:52]} Ra4 {[%clk 0:37:28]} 0-1

[Event "World Chess Olympiad 2018"]
[Site "Batumi"]
[Date "2018.09.28"]
[Round "5"]
[Board "2"]
[WhiteFideId "19700024"]
[White "Khan Taffin"]
[BlackFideId "22000089"]
[Black "Salim Mohammed Salim Al Amri"]
[Result "0-1"]
[LiveChessVersion "1.4.8"]
[BlackElo "1940"]
[WhiteElo "1900"]

1. e4 {[%clk 1:30:56]} c5 {[%clk 1:30:47]} 2. Nf3 {[%clk 1:31:21]} Nc6
{[%clk 1:31:08]} 3. Bb5 {[%clk 1:31:44]} g6 {[%clk 1:30:27]} 4. Bxc6
{[%clk 1:31:55]} dxc6 {[%clk 1:30:44]} 5. O-O {[%clk 1:32:17]} Bg7
{[%clk 1:30:55]} 6. d3 {[%clk 1:32:22]} e5 {[%clk 1:25:25]} 7. Nc3
{[%clk 1:32:44]} h6 {[%clk 1:25:07]} 8. Be3 {[%clk 1:33:03]} b6 {[%clk 1:25:26]}
9. Qd2 {[%clk 1:33:24]} Qc7 {[%clk 1:25:22]} 10. Rae1 {[%clk 1:33:42]} Ne7
{[%clk 1:24:56]} 11. h3 {[%clk 1:34:06]} Be6 {[%clk 1:24:49]} 12. a3
{[%clk 1:33:56]} g5 {[%clk 1:24:50]} 13. Ne2 {[%clk 1:33:07]} O-O-O
{[%clk 1:18:46]} 14. Ng3 {[%clk 1:29:21]} Rhg8 {[%clk 1:14:17]} 15. Nh5
{[%clk 1:29:31]} Bh8 {[%clk 1:14:34]} 16. g4 {[%clk 1:29:48]} Qd7
{[%clk 1:14:07]} 17. Qe2 {[%clk 1:28:27]} Ng6 {[%clk 1:14:12]} 18. Rd1
{[%clk 1:26:24]} Bxg4 {[%clk 1:13:23]} 19. hxg4 {[%clk 1:23:16]} Qxg4+
{[%clk 1:13:30]} 20. Ng3 {[%clk 1:23:40]} Nf4 {[%clk 1:12:49]} 21. Bxf4
{[%clk 1:21:26]} gxf4 {[%clk 1:13:12]} 22. Nd4 {[%clk 1:19:53]} cxd4
{[%clk 1:12:00]} 23. Qxg4+ {[%clk 1:20:01]} Rxg4 {[%clk 1:12:27]} 24. Kh2
{[%clk 1:20:22]} fxg3+ {[%clk 1:12:48]} 25. fxg3 {[%clk 1:20:45]} f6
{[%clk 1:12:52]} 26. Rf5 {[%clk 1:20:34]} Rdg8 {[%clk 1:13:07]} 27. Rg1
{[%clk 1:20:42]} Kd7 {[%clk 1:13:15]} 28. Rh5 {[%clk 1:18:40]} R8g6
{[%clk 1:13:43]} 29. Rg2 {[%clk 1:18:34]} Bg7 {[%clk 1:14:07]} 30. Rf5
{[%clk 1:17:05]} Bf8 {[%clk 1:14:23]} 31. Rgf2 {[%clk 1:17:00]} Ke6 32. R2f3
{[%clk 1:17:17]} b5 {[%clk 1:14:21]} 33. Kg2 {[%clk 1:17:35]} c5 {[%clk 1:14:42]}
34. Kf2 {[%clk 1:17:56]} Be7 {[%clk 1:15:10]} 35. Rh5 {[%clk 1:18:10]} c4
{[%clk 1:15:21]} 36. Rh3 {[%clk 1:18:25]} c3 {[%clk 1:14:40]} 37. bxc3
{[%clk 1:16:40]} dxc3 {[%clk 1:15:01]} 38. Rh1 {[%clk 1:17:01]} Bxa3
{[%clk 1:15:20]} 39. Ra1 {[%clk 1:17:01]} Bc5+ {[%clk 1:15:41]} 40. Kg2
{[%clk 1:47:23]} h5 {[%clk 1:46:05]} 41. Kh3 {[%clk 1:47:26]} Bb6
{[%clk 1:44:52]} 42. Rb1 {[%clk 1:47:13]} a6 {[%clk 1:45:04]} 43. Rb3
{[%clk 1:47:41]} h4 {[%clk 1:44:20]} 44. gxh4 {[%clk 1:47:47]} Rg1 0-1

[Event "World Chess Olympiad 2018"]
[Site "Batumi"]
[Date "2018.09.28"]
[Round "5"]
[Board "3"]
[WhiteFideId "22000062"]
[White "Salim Issa Ali Shamas"]
[BlackFideId "19700083"]
[Black "Nathoo Loris"]
[Result "1-0"]
[LiveChessVersion "1.4.8"]
[BlackElo "1665"]
[WhiteElo "1885"]

1. d4 {[%clk 1:30:48]} d5 {[%clk 1:30:53]} 2. c4 {[%clk 1:30:57]} e6
{[%clk 1:31:08]} 3. Nc3 {[%clk 1:31:06]} Nf6 {[%clk 1:31:12]} 4. Nf3
{[%clk 1:30:50]} Be7 {[%clk 1:29:51]} 5. Bg5 {[%clk 1:31:05]} O-O
{[%clk 1:27:55]} 6. Qc2 {[%clk 1:31:25]} h6 {[%clk 1:17:29]} 7. Bxf6
{[%clk 1:31:48]} Bxf6 {[%clk 1:17:51]} 8. e3 {[%clk 1:32:10]} c6 {[%clk 1:13:16]}
9. Be2 {[%clk 1:32:17]} Nd7 {[%clk 1:07:10]} 10. O-O {[%clk 1:19:41]} dxc4
{[%clk 0:55:29]} 11. Bxc4 {[%clk 1:19:12]} e5 {[%clk 0:54:16]} 12. Rad1
{[%clk 1:19:16]} exd4 {[%clk 0:52:09]} 13. Nxd4 {[%clk 1:18:46]} Qc7
{[%clk 0:47:53]} 14. Nf5 {[%clk 1:16:36]} Ne5 {[%clk 0:35:43]} 15. Bb3
{[%clk 1:16:31]} Ng4 {[%clk 0:30:11]} 16. Ng3 {[%clk 1:16:29]} h5
{[%clk 0:28:00]} 17. Nd5 {[%clk 1:16:10]} Qe5 {[%clk 0:26:21]} 18. Nxf6+
{[%clk 1:16:04]} Nxf6 {[%clk 0:23:24]} 19. Rd4 {[%clk 1:16:02]} c5
{[%clk 0:19:22]} 20. Rh4 {[%clk 1:15:55]} g5 {[%clk 0:19:15]} 21. Qg6+
{[%clk 1:15:34]} Kh8 {[%clk 0:18:41]} 22. Qh6+ {[%clk 1:15:28]} Kg8
{[%clk 0:15:21]} 23. Nxh5 {[%clk 1:15:04]} Nxh5 {[%clk 0:10:57]} 24. Rxh5
{[%clk 1:10:32]} Qg7 {[%clk 0:10:13]} 25. Rxg5 {[%clk 1:10:50]} 1-0

[Event "World Chess Olympiad 2018"]
[Site "Batumi"]
[Date "2018.09.28"]
[Round "5"]
[Board "4"]
[WhiteFideId "19700130"]
[White "Corlette Glenford"]
[BlackFideId "22000526"]
[Black "Al Kathiri Salim Said"]
[Result "0-1"]
[LiveChessVersion "1.4.8"]
[BlackElo "1773"]
[WhiteElo "1653"]

1. e4 {[%clk 1:30:53]} c5 {[%clk 1:30:52]} 2. Nf3 {[%clk 1:31:13]} Nc6
{[%clk 1:31:12]} 3. d4 {[%clk 1:31:35]} cxd4 {[%clk 1:31:31]} 4. Nxd4
{[%clk 1:31:57]} g6 {[%clk 1:31:42]} 5. Nc3 {[%clk 1:29:29]} Bg7 {[%clk 1:31:56]}
6. Be3 {[%clk 1:23:02]} Nf6 {[%clk 1:32:07]} 7. f4 {[%clk 1:19:31]} d6
{[%clk 1:26:08]} 8. Bb5 {[%clk 1:06:26]} Bd7 {[%clk 1:25:36]} 9. O-O
{[%clk 1:02:26]} Ng4 {[%clk 1:19:49]} 10. Bxc6 {[%clk 0:58:12]} Nxe3
{[%clk 1:13:34]} 11. Bxd7+ {[%clk 0:58:22]} Qxd7 {[%clk 1:13:43]} 12. Qd3
{[%clk 0:58:25]} Nxf1 {[%clk 1:13:45]} 13. Rxf1 {[%clk 0:58:46]} O-O
{[%clk 1:13:05]} 14. f5 {[%clk 0:57:03]} Rfe8 {[%clk 1:06:44]} 15. g4
{[%clk 0:48:54]} g5 16. Rf3 {[%clk 0:41:12]} Rac8 {[%clk 1:00:03]} 17. Rh3
{[%clk 0:40:57]} h6 {[%clk 0:55:54]} 18. b3 {[%clk 0:33:23]} Qc7 {[%clk 0:51:50]}
19. Nce2 {[%clk 0:32:22]} e5 {[%clk 0:47:43]} 20. fxe6 {[%clk 0:19:36]} fxe6
{[%clk 0:47:33]} 21. c3 {[%clk 0:17:41]} Qf7 {[%clk 0:39:41]} 22. Rf3
{[%clk 0:16:43]} Qg6 {[%clk 0:39:16]} 23. Ng3 {[%clk 0:16:55]} d5
{[%clk 0:38:37]} 24. Qe2 {[%clk 0:14:04]} Rxc3 {[%clk 0:34:26]} 25. Nb5
{[%clk 0:12:29]} Rxf3 {[%clk 0:32:14]} 26. Qxf3 {[%clk 0:12:50]} Rf8
{[%clk 0:29:55]} 27. Qe2 {[%clk 0:12:02]} Qf6 {[%clk 0:28:39]} 28. exd5
{[%clk 0:11:10]} exd5 {[%clk 0:26:54]} 29. Nf5 {[%clk 0:11:19]} Qa1+
{[%clk 0:25:31]} 30. Kg2 {[%clk 0:11:18]} Qb2 {[%clk 0:25:36]} 31. Nxh6+
{[%clk 0:11:02]} Kh7 {[%clk 0:25:26]} 32. Qxb2 {[%clk 0:10:52]} Bxb2
{[%clk 0:25:46]} 33. Nf5 {[%clk 0:11:10]} a6 {[%clk 0:24:52]} 34. Nbd6
{[%clk 0:08:59]} b5 {[%clk 0:24:48]} 35. Kf3 {[%clk 0:07:56]} Be5
{[%clk 0:21:07]} 36. Nb7 {[%clk 0:06:28]} Bxh2 {[%clk 0:21:05]} 37. Ke3
{[%clk 0:05:34]} Bg1+ {[%clk 0:20:58]} 38. Kd3 {[%clk 0:05:41]} Rf7
{[%clk 0:14:08]} 39. Nbd6 {[%clk 0:05:21]} Rc7 {[%clk 0:13:57]} 40. Ne8
{[%clk 0:34:47]} Rc6 {[%clk 0:42:56]} 41. Neg7 {[%clk 0:27:21]} b4
{[%clk 0:41:15]} 42. Kd2 {[%clk 0:26:37]} Bh2 {[%clk 0:39:13]} 43. Nh5
{[%clk 0:24:09]} Be5 {[%clk 0:34:18]} 44. Ne7 {[%clk 0:21:47]} Rc7
{[%clk 0:34:18]} 45. Nf5 {[%clk 0:21:15]} Rf7 {[%clk 0:33:22]} 46. Kd3
{[%clk 0:19:06]} Rxf5 {[%clk 0:31:33]} 47. gxf5 {[%clk 0:17:02]} Kh6
{[%clk 0:31:47]} 48. Ng3 {[%clk 0:15:13]} Bxg3 {[%clk 0:31:48]} 49. Kd4
{[%clk 0:15:35]} Kg7 {[%clk 0:31:35]} 50. Kxd5 {[%clk 0:15:29]} Kf6
{[%clk 0:31:55]} 51. Kc4 {[%clk 0:12:57]} Be1 {[%clk 0:32:15]} 52. Kd3
{[%clk 0:13:08]} Kxf5 {[%clk 0:32:27]} 53. Ke2 {[%clk 0:13:23]} Bc3
{[%clk 0:32:46]} 54. Kf3 {[%clk 0:13:01]} g4+ {[%clk 0:32:58]} 55. Kg3
{[%clk 0:12:31]} Be5+ {[%clk 0:33:09]} 56. Kf2 {[%clk 0:11:58]} Ke4
{[%clk 0:33:19]} 57. Kg2 {[%clk 0:11:36]} Kd3 0-1